000 00790nam a2200193Ii 4500
003 JO-AjNU
008 230605s9999||||xx |||||||||||||| ||und||
040 _aJO-AjNU
_bara
_erda
_cJO-AjNU
041 _aara
050 1 4 _aBP191.Y3522
100 3 _aالحنبلي، أبي الفضل عباس بن منصور ؛ تحقيق بسام علي سلامة العموش,
_eauthor
_941139
245 0 0 _aالبرهان في معرفة عقائد أهل الأديان
264 3 1 _aالزرقاء: مكتبة المنار، د.ت
300 _a119ص
_bالفهارس العامة ص 107-117 ؛ قائمة المراجع ص 118-119
336 _atext
_btxt
_2rdacontent
337 _aunmediated
_bn
_2rdamedia
338 _avolume
_bnc
_2rdacarrier
650 4 _aالفرق الاسلامية
_941140
999 _aA17516
_c21084
_d21084